|
|
แสดงรายละเอียดบรรณานุกรม |
|
|
Brief Record
: Get Marc (ISO 2709)
: E-mail record
: |
| LEADER 00000nama 2200000uu 4500 | |||
| 001 186149 | |||
| 003 ULIBM | |||
| 008 040531s1991 th m m a000 0 tha d | |||
| 020 080-163-382-6 | |||
| 041 eng | |||
| 050 WY85 H972e 1991 | |||
| 100 Husted, Gladys L. | |||
| 245 Ethical decision making in nursing / Gladys L. Husted and James H. Husted 001 | |||
| 260 St.Louis Mosby 1991 | |||
| 300 xvi,313p. | |||
| 650 Nursing ethics Title | |||
| 998 1999-02-24 | |||
| คุณยังไม่ได้ล็อกอิน คุณสามารถมีกิจกรรมร่วมกับเว็บไซต์ได้ แต่ต้องล็อกอินก่อน :: |
|
| สถานะ | |||||||||
| 1. | หนังสือทั่วไป สถานะ=อยู่บนชั้นแสดงหนังสือ | WY85 H972e 1991 | On Shelf ขอยืม | ||||||
| [แสดง 1/1 รายการ] | |||||||||
BibComment |
| คอมเมนท์ทรัพยากรรายการนี้ |
|
|